000 01097cam a2200265Ia 4500
999 _c816
_d816
001 30211058
003 OCoLC
005 20180824181445.0
008 940418s1992 waua 000 0 eng d
020 _a0927545373
020 _a9780927545372
035 _a(OCoLC)30211058
040 _aKKJ
_cKKJ
_dGGB
_dOCLCQ
_dBAKER
_dHNW
_dBSC
082 _a266
_bs625u
092 _a266
_bS625u, 1992
100 1 _aSjogren, Bob.
245 1 0 _aUnveiled at last :
_b[discover God's hidden message from Genesis to Revelation] /
_cBob Sjogren.
260 _aSeattle, WA :
_bYWAM Pub.,
_cc1992.
300 _a184 p. :
_bill. ;
_c21 cm.
500 _a"Foreword by Dr. Bill Bright."
505 0 _aPlacing God where he belongs -- God's hidden agenda -- Exploring the agenda -- Impaired by the top line -- Going below the surface -- God's mercy through blindness -- Obey and see -- The covenant kickoff -- The second half -- A checkup for the church -- An attainable goal -- Islam : a neglected challenge -- Frontiers : a challenge to respond.
650 0 _aChristian life.
650 0 _aMissions.
942 _2ddc
_cBK